000 00434nam a22001577a 4500
003 SGT
020 _a9788194393214
082 _a615.53
_bS20C
100 _aCCRS, MINISTRY OF AYUSH
245 _aSELECT FLORA OF MEDICINAL IMPORTANCE IN SOWA RIGPA & AYURVEDA
260 _aNEW DELHI
_bCCRAS
_c2020
300 _a409
650 _aAYURVEDA
653 _aSELECT, FLORA , MEDICINAL, IMPORTANCE , SOWA RIGPA , AYURVEDA
942 _2ddc
_cBK
999 _c34659
_d34659